000 00217nam a2200097Ia 4500
008 220204s9999 xx 000 0 und d
082 _a82-3
_bMAL
100 _aMalgonkar, Manohar
245 0 _aLine of Mars
942 _cBK
999 _c29574
_d29574